| 000 -LEADER |
| fixed length control field |
00479cam a22001337a 4500 |
| 008 - FIXED-LENGTH DATA ELEMENTS--GENERAL INFORMATION |
| fixed length control field |
180718b1960 xxu||||| |||| 00| 0 eng d |
| 082 ## - DEWEY DECIMAL CLASSIFICATION NUMBER |
| Classification number |
B67x5413 B489 |
| 100 ## - MAIN ENTRY--PERSONAL NAME |
| Personal name |
Bihar. District Board Reorganisation Committee |
| 245 ## - TITLE STATEMENT |
| Title |
Report of the Committee Constituted by the State Government to Consider the Future Set-up of District Boards in Bihar |
| 260 ## - PUBLICATION, DISTRIBUTION, ETC. |
| Place of publication, distribution, etc. |
Patna |
| Name of publisher, distributor, etc. |
The author |
| Date of publication, distribution, etc. |
1960 |
| 300 ## - PHYSICAL DESCRIPTION |
| Extent |
52p. |
| 500 ## - GENERAL NOTE |
| General note |
Chairman: Maqbool Ahmad |
| 700 ## - ADDED ENTRY--PERSONAL NAME |
| Personal name |
Ahmad, Maqbool (Chairman) |